Cálculo infinitesimal

Saved in:
Bibliografiske detaljer
Hovedforfatter: Spivak, Michael (Author)
Format: Bog
Sprog:spansk
Udgivet: Barcelona Reverté 1994
Fag:
Tags: Tilføj Tag
Ingen Tags, Vær først til at tagge denne postø!

MARC

LEADER 00000nam a2200000 a 4500
001 UCO9375
003 CL-VaPUC
008 010302e19940000SP |||||||||||||||||spa|d
082 0 4 |a 515  |b SPI  |2 21 
100 0 |a Spivak, Michael  |e author  |9 454478 
245 1 0 |a Cálculo infinitesimal 
300 |a 926 p 
942 |c BK 
945 |d 20010302 00:00:00  |a vberengu 
260 |a Barcelona  |b Reverté  |c 1994 
650 0 |a Derivadas  |9 354237 
650 0 |a Integrales   |9 260233 
583 |a last modification  |c 20010302 00:00:00  |k Rodrigo Vera 
999 |c 293589  |d 293587 
952 |0 0  |1 0  |4 0  |6 515_000000000000000_SPI_1994  |7 0  |8 A  |9 345214  |a BIBMAT  |b BIBMAT  |d 2019-11-20  |i 3694453  |o 515 SPI 1994  |p 3694453  |r 2025-01-07  |w 2019-11-20  |y BK  |k MAT